000 00622nam a2200217Ii 4500
001 13579
003 CO-ViMGA
008 241108s9999||||xx |||||||||||||| ||und||
020 _a9500818272
040 _aCO-ViMGA
_bspa
_erda
_cCO-ViMGA
041 0 _aspa
082 0 4 _aF.FC 155.2 - G65p
100 1 _aDaniel Goleman
_945910
245 1 0 _aLa psicología del autoengaño
264 1 _aBuenos Aires, Argentina : Atlántida, 1985
300 _avolumen
336 _atext
_btxt
_2rdacontent
337 _aunmediated
_bn
_2rdamedia
338 _avolume
_bnc
_2rdacarrier
940 _aidficha_siabuc: 13281. -- ficha_no_siabuc:13579
999 _c40451
_d40451